| 000 | 00491nam a22001817a 4500 | ||
|---|---|---|---|
| 003 | NUST - PNEC | ||
| 005 | 20170116180854.0 | ||
| 008 | 150827b xxu||||| |||| 00| 0 eng d | ||
| 020 | _a8173194955 | ||
| 040 | _cLIBRARY | ||
| 082 | _a620.004 KRI | ||
| 100 |
_95907 _aKrishnamoorthy, C. S |
||
| 245 |
_aComputer aided design : software and analytical tools _cC.S Krishnamoorthy, |
||
| 250 | _a2nd ed | ||
| 260 | _cc1991. | ||
| 650 |
_95908 _aComputer-aided design _xME |
||
| 942 |
_2ddc _cBK |
||
| 999 |
_c64750 _d64750 |
||